| 000 | 00438 a2200169 4500 | ||
|---|---|---|---|
| 000 | BKB | ||
| 001 | 070655 | ||
| 005 | 20200902150849.0 | ||
| 008 | |||
| 082 |
_a658.404 _bT21S |
||
| 100 | 1 | _aTaylor, James | |
| 245 | 1 |
_aA survival guide for project managers _cby James Taylor |
|
| 250 | _a2nd ed. | ||
| 260 |
_aNew York _bAMACOM _c2006 |
||
| 300 | _a312p. | ||
| 690 | _aProject management | ||
| 999 |
_c4086 _d4086 |
||